Normal view
MARC view
- Colado González, Hugo
Entry Nombre Personal
001 - NUMERO DE CONTROL
- campo de control: 44671
003 - IDENTIFICADOR DE NUMERO DE CONTROL
- campo de control: MX-MxUPN
005 - FECHA Y HORA DE LA ÜLTIMA TRANSACCIÓN
- campo de control: 20220602123656.0
008 - DATOS DE LONGITUD FIJA
- campo de control de longitud fija: 220602|| aca||aabn | a|a d
040 ## - FUENTE DE CATALOGACIÓN
- Agencia original de catalogación: MX-MxUPN
- Lenguaje de catalogación: spa
- Agencia de transcripción: MX-MxUPN
100 1# - ENCABEZAMIENTO - NOMBRE PERSONAL
- Nombre personal: Colado González, Hugo
670 ## - FUENTE EN LA QUE SE LOCALIZARON DATOS
- Cita de la fuente: Anatomía, fisiología e higiene del hombre : noveno grado, 1980:
- Información localizada: portada (Hugo Colado González)
902 ## - CATALOGADOR
- Catalogador: VRC/020622
